MARC

LEADER 00000nas a2200000 a 4500
001 ssj0012741
003 WaSeSS
005 20200512172242.0
006 m d
007 cr n
008 990415c19659999au x pss 0 0eng c
010 |a  2007233524 
016 7 |a 013084857  |2 Uk 
022 |a 1619-6937  |l 0001-5970  |y 0001-5970 
035 |a (WaSeSS)ssj0012741 
040 |a DLM  |b eng  |c DLM  |d OCLCQ  |d OCL  |d GUA  |d OCLCQ  |d AD#  |d UKMGB  |d OCLCQ  |d OCLCO  |d OCLCF  |d OCLCO  |d OCLCQ  |d DEFHM  |d OCLCO  |d OCLCA  |d WT2  |d OCLCQ  |d AU@  |d OCLCO  |d VT2  |d NJT  |d CUS  |d OCLCO  |d DLC  |d OCLCQ  |d OCLCO  |d WaSeSS 
041 0 |a eng  |a ger 
042 |a pcc 
050 0 0 |a TA349 
082 0 4 |a 620.1 
222 0 |a Acta mechanica  |b (Internet) 
245 0 0 |a Acta mechanica  |h [electronic resource]. 
260 |a Wien ;  |a New York :  |b Springer-Verlag 
310 |a Irregular 
362 1 |a Print began with vol. 1 (1965). 
506 |a License restrictions may limit access. 
538 |a Mode of access: World Wide Web. 
546 |a English or German, with summaries in both languages. 
588 0 |a Vol. 120, no. 1/4 (Mar. 1997); title from contents screen (MetaPress, viewed June 8, 2007). 
588 1 |a Vol. 231, issue 12 (Dec. 2019); (SpringerLink, viewed Jan. 15, 2020). 
600 1 7 |a Méchanik, ...  |2 gnd 
650 0 |a Mechanics, Applied  |v Periodicals. 
650 7 |a Mechanics, Applied.  |2 fast  |0 (OCoLC)fst01013489 
650 7 |a Zeitschrift  |2 gnd 
650 7 |a Online-Ressource  |2 gnd 
650 7 |a Technische Mechanik  |2 gnd 
650 7 |a Mechanik  |2 gnd 
655 0 |a Electronic journals. 
776 0 8 |i Print version:  |t Acta mechanica  |x 0001-5970  |w (DLC) 65009933  |w (OCoLC)1460916 
780 0 2 |t Österreichisches Ingenieur-Archiv  |w (OCoLC)297354754 
850 |a DLC 
856 4 0 |z Full text available from Research Library: 01/01/2003 to 1 year ago  |u https://search.proquest.com/publication/47448